Statistiques concernant Geoguessr - sens de circulation

Cliquez ici pour prendre le quiz!

Statistiques générales

  • Ce quiz a été pris 53 fois
  • Le résultat moyen est 14 sur 23

Statistiques - réponses

HintHintHintPays% Correct
gb37786Royaume-Uni
98%
ie363.082.5Irlande
82%
za431365Afrique du Sud
80%
au683.0342.0Australie
80%
jp693.3140.0Japon
78%
in556185.9Inde
73%
nz776.7391.9Nouvelle-Zélande
71%
th608.0207.9Thaïlande
69%
id635.5264Indonésie
62%
my610.3247.2Malaisie
62%
bd583.0181.8Bangladesh
60%
ls444.0360.5Lesotho
60%
sz451.3350.1Eswatini
58%
sg614.2256.7Singapour
58%
ke465.8259.9Kenya
56%
bt584.1169.4Bhoutan
53%
bw435.0336.1Botswana
53%
pk535.7164.2Pakistan
53%
np569.8166.5Népal
49%
lk562235.3Sri Lanka
49%
mt412.9141.1Malte
40%
ug453.1256.6Ouganda
40%
hk640180Hong Kong
18%

Distribution des résultats

Percentile par nombre de réponses

% des personnes avec chaque résultat

Votre développement - résultats

Vous n’avez pas pris ce quiz